Music Quiz

Random Music Quiz
Score 0/97 Timer 10:00
0 Plays Today
Hint Song % Correct
2nd singleOh my God!
91.2%
1st singleZetsumetsu Kurokami Shoujo
76.5%
4th singleNagiichi
73.5%
5th singleVirginity
73.5%
6th singleKitagawa Kenji
73.5%
11th singleDon't Look Back!
72.4%
3rd singleJunjou U-19
70.6%
7th singleBokura no Eureka
64.7%
8th singleKamonegix
64.7%
10th singleRashikunai
64.7%
9th singleTakane no Ringo
61.8%
13th singleMust be Now
60.9%
2nd singleKesshou
58.8%
3rd singleJungle Gym
58.8%
4th singleWarukii
58.8%
12th singleDurian Shounen
57.1%
1st singleSeishun no Lap Time
55.9%
10th singleTomodachi
55.9%
1st albumTeppen Tottande
52.9%
AKB48 29th singleHA!
47.8%
6th singleHoshizora no Caravan
44.1%
2nd albumIbiza Girl
44.1%
4th singleSaigo no Catharsis
41.2%
5th singleBokura no Regatta
41.2%
3rd singleMigi e Magare!
38.2%
7th singleSayanee
38.2%
11th singleMinna,Daisuki
37.9%
11th singleSotsugyou Ryokou
37%
2nd singleHoshokusha tachi yo
35.3%
6th singleRenai Higaitodoke
35.3%
9th singleProm no Koibito
35.3%
2nd singleUso no Tenbin
32.4%
5th singleMousou Girlfriend
32.4%
Hint Song % Correct
12th singleBoku Dake no Secret Time
32.1%
13th singleOrera to Wa
30.4%
AKB48 39th singlePunkish
30.4%
5th singleSunahama de Pistol
29.4%
10th singleKyusen Kyotei
29.4%
1st albumDazai Osamu wo Yonda ka?
29.4%
2nd albumDakishimetai Kedo
29.4%
1st singleMikazuki no Senaka
26.5%
2nd singleNandeyanen,Idol
26.5%
7th singleOkuba
26.5%
10th singleMigi ni Shiteru Ring
26.5%
12th singleInochi no Heso
25%
11th singleRenai Petenshi
24.1%
1st singleMattemashita Shingakki
23.5%
6th singleFuyushougun no Regret
23.5%
2nd singleBoku wa Matteru
20.6%
3rd singleBaatari GO!
20.6%
3rd singleDoryoku no Shizuku
20.6%
3rd singleRenai no Speed
20.6%
4th singleBoku ga Mou Sukoshi Daitan Nara
20.6%
4th singleHatsukoi no Yukue to Play Ball
20.6%
1st albumLily
20.6%
2nd albumPeak
20.6%
2nd albumHeart no Dokusenken
20.6%
11th singleNietzsche Senpai
18.5%
12th singleSayonara,Kakato wo Fumu Hito
17.9%
4th singleRifujin Ball
17.6%
5th singleSonzai Shitenai Mono
17.6%
6th singleIn-Goal
17.6%
7th singleTodokanasoude Todokumono
17.6%
9th singleMizukiri
17.6%
1st album12-31
17.6%
1st albumAlmond Croissant keikaku
17.6%
Hint Song % Correct
2nd albumSouzou no Shijin
17.6%
8th singleOmowase Kousen
14.7%
9th singleYama e Ikou
14.7%
10th singleAsphalt no Namida
14.7%
12th singleKokoro no Myoji wo Kake!
14.3%
11th singleRomantic Snow
13.8%
11th singleHeart Sakebu
13.8%
7th singleYabanna Softcream
11.8%
2nd albumKimi ni Yarareta
11.8%
5th singleChotto Nekoze
8.8%
6th singleNemuku Naru made Hitsuji wa Detekonai
8.8%
8th singleMou Hadashi ni Hanarenai
8.8%
8th singleToki wa Katari Hajimeru
8.8%
9th singleIsshukan,Zenbu ga Getsuyoubi nara ii no ni...
8.8%
1st albumWith my Soul
8.8%
2nd albumDensha wo Oriru
8.8%
13th singleGood-bye,Guitar
8.7%
13th singleYume ni Iro ga nai Riyuu
8.7%
13th singleKataomoi Yori mo Omoide wo...
8.7%
AKB48 34th singleKimi to Deatte Boku wa Kawatta
8.7%
AKB48 43rd singleShigamitsuita Seishun
8.7%
7th singleHinadande wa Boku no Miryoku wa Ikinainda
5.9%
8th singleSunglasses to Uchiakebanashi
5.9%
8th singleDoshaburi no Seishun no naka de
5.9%
9th singleKasa wa Iranai
5.9%
10th singleStar ni Nante Naritakunai
5.9%
2nd albumSeito Techo no Sashin wa Ki ni Haittenai no Hoshoku
5.9%
2nd albumNatsu no Saiminjutsu
5.9%
13th singleKufuku de Renai Suru wa
4.3%
1st singleBoku ga Mateta Natsu
2.9%
1st albumKamekuji Heart
2.9%
Remove Ads.
Support Sporcle.
Get the best of Sporcle when you Go Orange. This ad-free experience offers more features, more stats, and more fun while also helping to support Sporcle. Thank you for becoming a member.

You're not logged in!

Compare scores with friends on all Sporcle quizzes.
OR
Log In

Show Comments

Extras

Created Jan 5, 2015ReportNominate
Tags:akb48

Top Quizzes Today


Score Distribution

Your Account Isn't Verified!

In order to create a playlist on Sporcle, you need to verify the email address you used during registration. Go to your Sporcle Settings to finish the process.

Report this User

Report this user for behavior that violates our Community Guidelines.

Details: